|
|
|
|
| LEADER |
00956nam a2200253 a 4500 |
| 001 |
16642 |
| 003 |
BD-DhAAL |
| 008 |
090330s2004 ohua b 001 0 eng d |
| 999 |
|
|
|c 32
|d 32
|
| 010 |
|
|
|a 2003104175
|z 2002115009
|
| 020 |
|
|
|a 0324183186
|
| 040 |
|
|
|a DLC
|c DLC
|d DLC
|d BD-DhAAL
|
| 082 |
0 |
0 |
|a 658.15
|2 22
|
| 100 |
1 |
|
|a Harrington, Diana R.,
|d 1940-
|9 41172
|
| 245 |
1 |
0 |
|a Corporate financial analysis :
|b in a global environment /
|c Diana R. Harrington.
|
| 250 |
|
|
|a Seventh edition
|
| 260 |
|
|
|a Mason, Ohio :
|b Thomson/South-Western,
|c c2004.
|
| 300 |
|
|
|a xii, 492 pages :
|b illustrations ;
|c 24 cm.
|
| 504 |
|
|
|a Includes bibliographical references and index.
|
| 541 |
1 |
|
|e 00016642
|
| 650 |
|
0 |
|a Corporations
|x Finance.
|9 41173
|
| 852 |
4 |
|
|a Ayesha Abed Library
|j General Stacks
|
| 942 |
|
|
|2 ddc
|c BK
|
| 952 |
|
|
|0 0
|1 0
|2 ddc
|4 0
|6 658_150000000000000_HAR
|7 0
|9 31
|a BRACUL
|b BRACUL
|c GEN
|d 2009-04-28
|l 5
|m 19
|o 658.15 HAR
|p 3010016642
|r 2025-05-26
|s 2025-02-18
|t 1
|w 2009-04-28
|y BK
|